One hundred years of solitude (Record no. 982)

MARC details
000 -LEADER
fixed length control field 00571 a2200193 4500
001 - CONTROL NUMBER
control field 066992
003 - CONTROL NUMBER IDENTIFIER
control field OSt
005 - DATE AND TIME OF LATEST TRANSACTION
control field 20211025121829.0
008 - FIXED-LENGTH DATA ELEMENTS--GENERAL INFORMATION
fixed length control field
020 ## - INTERNATIONAL STANDARD BOOK NUMBER
International Standard Book Number 9780140157512
082 ## - DEWEY DECIMAL CLASSIFICATION NUMBER
Classification number 863
Item number M34O
100 1# - MAIN ENTRY--PERSONAL NAME
Personal name Marquez, Gabriel Garcia,
245 1# - TITLE STATEMENT
Title One hundred years of solitude
Statement of responsibility, etc by Gabriel Garcia Marquez
260 ## - PUBLICATION, DISTRIBUTION, ETC. (IMPRINT)
Place of publication, distribution, etc Delhi
Name of publisher, distributor, etc Penguin Book
Date of publication, distribution, etc 1996
300 ## - PHYSICAL DESCRIPTION
Extent 422p.
630 ## - SUBJECT ADDED ENTRY--UNIFORM TITLE
Uniform title English
690 ## - LOCAL SUBJECT ADDED ENTRY--TOPICAL TERM (OCLC, RLIN)
Topical term or geographic name as entry element Macondo (Imaginary place); Latin America; Social conditions; Epic literature; Magic realism (Literature)
942 ## - ADDED ENTRY ELEMENTS (KOHA)
Source of classification or shelving scheme Dewey Decimal Classification
Koha item type Books
Holdings
Withdrawn status Lost status Source of classification or shelving scheme Damaged status Not for loan Collection code Home library Current library Date acquired Source of acquisition Cost, normal purchase price Total Checkouts Full call number Barcode Date last seen Date checked out Price effective from Koha item type
    Dewey Decimal Classification     General Text Book Central University Of Rajasthan Central University Of Rajasthan 07/03/2012 ENG 299.00 10 863 M34O 1278 25/03/2025 28/02/2025 02/09/2020 Books